|
|
|
|
| LEADER |
00000nab a2200000 a 4500 |
| 001 |
vtls000321992 |
| 003 |
SK-MaSNL |
| 005 |
20260304082320.0 |
| 008 |
250424c1987 xo 0 slo |
| 015 |
|
|
|a SNBRA19rr/mm-uuuuu
|
| 035 |
|
|
|a CL0322114
|
| 035 |
|
|
|a urn:nbn:sk:snk-ab80u
|
| 035 |
|
|
|a (urnnbn)urn:nbn:sk:snk:ar-0028li
|
| 035 |
|
|
|a (uuid)86642220-4af3-492b-b7cc-32f05bc63d51
|
| 040 |
|
|
|a SNKBUCL
|b slo
|c SNKBUCL
|e AACR2
|
| 041 |
0 |
|
|a ger
|
| 044 |
|
|
|a xo
|c SK
|
| 080 |
|
|
|a 635.92:631.52(430.2)
|2 1981
|
| 080 |
|
|
|a 631.52(430.2)
|2 1981
|
| 100 |
1 |
|
|a Jesch, Hans-Heinrich
|4 aut
|9 1371721
|
| 245 |
1 |
0 |
|a Zum Stand der Ziergehölzproduktion in den Baumschulen der DDR
|c Hans-Heinrich Jesch
|
| 300 |
|
|
|b Graf 1. Res. slov., rus., angl.
|
| 650 |
0 |
7 |
|a okrasné dreviny
|2 snkbucl
|9 3727
|
| 655 |
|
7 |
|a články zo zborníkov
|2 snkbucl
|9 166140
|
| 773 |
0 |
|
|t Folia dendrologica 14
|d Bratislava : Veda, 1987
|g S. 137-146
|
| 850 |
|
|
|a Slovenská národná knižnica
|
| 852 |
|
|
|a Slovenská národná knižnica
|
| 958 |
|
|
|a article27
|
| 958 |
|
|
|a RK
|
| 958 |
|
|
|a DE
|
| 958 |
|
|
|a OND
|
| 958 |
|
|
|a EUIPO
|
| 992 |
|
|
|a RZB
|
| 999 |
|
|
|c 2795246
|d 2797176
|